Agrocombustibles : ¿otro negocio es posible? /
Se aborda el desarrollo de biocombustibles como un proceso económico que viene promovido por la diversificación de fuentes de energía ante la inestabilidad de algunos países proveedores de petróleo y que pudiera incentivar la agricultura. Pero es una problemática de los países desarrollados pues el...
Guardado en:
| 主要作者: | |
|---|---|
| 格式: | 圖書 |
| 語言: | 西班牙语 |
| 叢編: | (Antrazyt ;
288) |
| 主題: | |
| 標簽: |
沒有標簽, 成為第一個標記此記錄!
|
MARC
| LEADER | 00000nam^a2200000^a^4500 | ||
|---|---|---|---|
| 001 | 000328598 | ||
| 005 | 20250521000000.0 | ||
| 009 | 20260310113910.613 | ||
| 020 | |a 978-84-9888-063-2 | ||
| 037 | |a Acervo ITESO - Biblioteca | ||
| 041 | |a ESP | ||
| 082 | |a 662. 88 |b VAR | ||
| 100 | |a Vargas, Mónica |e (coord.) | ||
| 245 | 1 | 0 | |a Agrocombustibles : |b ¿otro negocio es posible? / |c Coord. de M. Vargas. |
| 264 | |a Barcelona, España : |b Icaria, |c 2009, | ||
| 300 | |a 130 p. | ||
| 336 | |a texto |b txt |2 rdacontenido | ||
| 337 | |a sin mediación |b n |2 rdamedio | ||
| 338 | |a volumen |b nc |2 rdasoporte | ||
| 440 | 1 | |a (Antrazyt ; |v 288) | |
| 520 | |a Se aborda el desarrollo de biocombustibles como un proceso económico que viene promovido por la diversificación de fuentes de energía ante la inestabilidad de algunos países proveedores de petróleo y que pudiera incentivar la agricultura. Pero es una problemática de los países desarrollados pues el uso de recursos agrícolas pudiera causar una crisis alimentaria ya que ante la falta de tierras de cultivo en el hemisferio norte quieren desarrollar el cultivo masivamente en los países del Sur. | ||
| 649 | |a XX | ||
| 650 | |a Biocombustibles - |x Tema Principal | ||
| 650 | |a Combustibles - |x Aspectos Económicos - |x Tema Principal | ||
| 650 | |a Recursos Energéticos - |x Administración | ||
| 650 | |a Abasto de Alimentos | ||
| 650 | |a Globalización - |x Aspectos Económicos | ||
| 650 | |a Desarrollo Sustentable | ||
| 650 | |a Economía | ||
| 910 | |a Fondo General | ||
| 920 | |a Impresos - Libros | ||
| 930 | |a Colección General | ||
| 905 | |a 101 | ||
| 901 | |a 0500218102 |b IT1 |c ACC |i C135858 |u 20250521 | ||
| 902 | |a https://opac.biblio.iteso.mx/vufind/Record/000328598 | ||